000
00240nam a2200097Ia 4500
008
230508s1994 xx 000 0 und d
041
_a
eng
100
_a
LEVENTHAL L.A.
245
_a
8080A/8085 ASSEMBLY LANGUAGE PROGRAMMING.
260
_c
1994
999
_c
728975
_d
728975